| Поле | Инд. | ПП | Название | Значение |
|---|---|---|---|---|
| Тип записи | a | |||
| Библиографический уровень | b | |||
| 001 | Контрольный номер | a7d15e42b0cf4ae79c012c1f265e5b1d | ||
| 005 | Дата корректировки | 20220420085631.9 | ||
| 008 | Кодируемые данные | 20150925 | ||
| 040 | b | Код языка каталог. | rus | |
| e | Правила каталог. | PSBO | ||
| 041 | 0_ | a | Код языка текста | rus |
| 084 | a | Индекс другой классификации/Индекс ББК | 65.202.2; 60.561.53 | |
| 100 | 1_ | a | Автор | Зинченко Д. И. |
| q | Полное имя | Зинченко Дарья Игоревна | ||
| 100 | 1_ | a | Автор | Лукьянова А. Л. |
| q | Полное имя | Лукьянова Анна Львовна | ||
| 245 | 10 | a | Заглавие | Ассортативность браков по образованию и неравенство доходов |
| 500 | a | Примечание | Приложение | |
| a | Примечание | DOI: 10.17323/1813-8691-2018-22-2-169-196 | ||
| 504 | a | Библиография | Лит. в конце статьи | |
| 520 | 0_ | a | Аннотация | Показано, что российские семьи характеризуются позитивной ассортативностью на всех уровнях образования, т. е. семьи, в которых оба супруга имеют одинаковый уровень образования, встречаются чаще, чем если бы формирование супружеских пар происходило случайным образом. |
| 650 | 04 | a | Основная рубрика | экономика |
| a | Основная рубрика | сектора экономики | ||
| a | Основная рубрика | социология | ||
| a | Основная рубрика | социология семьи | ||
| 653 | 1_ | a | Ключевые слова | ассортативность браков |
| a | Ключевые слова | высшее образование | ||
| a | Ключевые слова | домашние хозяйства (домохозяйства) | ||
| a | Ключевые слова | доходы | ||
| a | Ключевые слова | доходы домохозяйств | ||
| a | Ключевые слова | неравенство доходов | ||
| a | Ключевые слова | Российский мониторинг экономического положения и здоровья НИУ ВШЭ (РМЭЗ НИУ ВШЭ) | ||
| a | Ключевые слова | Россия | ||
| a | Ключевые слова | семья | ||
| a | Ключевые слова | социология супружества | ||
| a | Ключевые слова | супружество | ||
| a | Ключевые слова | уровень ассортативности | ||
| a | Ключевые слова | уровень образования | ||
| 773 | 0_ | t | Заглавие источника | Экономический журнал ВШЭ |
| d | Дата издания источника | 2018 | ||
| g | Прочая информация | Т. 22, № 2. - С. 169 - 196 : табл., граф., расчет., диагр. | ||
| w | Контрольный № источника | DU/585314977 | ||
| 901 | t | Тип документа | b |